Quiz o wielkich odkryciach geograficznych. - Statystyki

Ogólne statystyki
  • Ten quiz został rozwiązany 80 razy
  • Średni wynik to 6 z 10
Statystyki odpowiedzi
Zagadnienie Odpowiedź % Poprawnych
W jakim kraju zginął Ferdynand Magellan Na Filipinach
88%
W którym roku Kolumb odkrył Amerykę 1492
81%
Co udowodnił Ferdynand Magellan Że ziemia jest kulą
81%
Czy ten quiz był fajny?! TAK
74%
Z jakiego kraju pochodził Vasco da Gama Z Portugalii
74%
Po co ludzie zaczęli odkrywać świat Ponieważ chcieli zdobyć cenne rzeczy
57%
Kto zablokował ważny lądowy szlak handlowy Turcy
55%
Jak Krzysztof Kolumb nazwał amerykę Indie Zachodnie
52%
Skąd wystartował Vasco da Gama na wyprawę do Indii Z Lizbony
38%
Jak dawniej nazywano Afryke Libia
24%
Nie znaleziono quizów pasujących do podanych kryteriów
Rozkład punktacji
Procent ludzi z każdym wynikiem
Percentyl według liczby udzielonych odpowiedzi
Twoja historia wyników
Nie rozwiązałeś tego quizu